000
00224 a2200097 4500
001
5637
100
_a
Mickley,HS
245
_a
Applied mathematics in chemical engineering
260
_a
_b
McGraw Hill
_c
090
_c
4626
_d
4626
942
_a
NUST-CAE
_c
M
_c
30963
999
_c
240710
_d
240710